000
00260nam a2200109Ia 4500
008
240625s9999 xx 000 0 und d
041
_a
eng
082
_a
658.15224 PAR
100
_a
PARRINO ROBERT
245
_a
FUNDAMENTALS OF CORPORATE FINANCE
260
_c
2012
999
_c
39912
_d
39912